| 000 | 00633nam a2200229 a 4500 | ||
|---|---|---|---|
| 999 |
_c4631 _d4631 |
||
| 001 | 4631 | ||
| 003 | BD-JhCC | ||
| 005 | 20171129110209.0 | ||
| 008 | 171129s1962 e a|||| || | 001 0 eng d | ||
| 035 | _a(BD-JhCC)4631 | ||
| 040 |
_aBD-JhCC _dBD-JhCC |
||
| 041 | _aeng | ||
| 082 |
_a551.46 _bARX 1962 |
||
| 100 | _aArx, William s. von | ||
| 245 |
_aAn Introducktion to Physical Oceanography / _c William s. von Arx, Sc. D. |
||
| 260 |
_aLondon. _bAddison-Wesley Publishing Company, Ing. _c1962. |
||
| 300 |
_a422 p. : _bill. ; _c23 cm. |
||
| 504 | _aIncludes Index | ||
| 650 | _aOceanography | ||
| 942 |
_2ddc _cBK |
||